000 00555nam a22001937a 4500
003 KOHA_MİRAKIL
005 20250415144119.0
008 250415b tu ||||| |||| 00| 0 tur d
020 _a9789750848506
040 _aTR-AnABB
_btur
_cTR-AnABB
041 _atur
082 _a828.3354
_bROT 2020
100 1 _aRoth, Philip,
245 1 0 _aBir erkek olarak yaşamım /
_cPhilip Roth
260 _aİstanbul :
_bYapı Kredi Kültür Yayınları,
_c2020
300 _a293 sayfa ;
_c2020
650 0 4 _aAmerikan edebiyatı, roman
942 _2ddc
_cBK
999 _c8702
_d8702
900 _bGizem YORULMAZ